| 000 | 00874nam a22002777a 4500 | ||
|---|---|---|---|
| 003 | CHAP | ||
| 005 | 20220329135948.0 | ||
| 008 | 971013s1964 r 00010 d | ||
| 010 | _a44766 | ||
| 011 | _a45738 | ||
| 035 | _a49877 | ||
| 040 | _cCHAP | ||
| 082 |
_a574.072 _bU5 |
||
| 100 | 0 | 0 |
_aUmaña A., Roberto. _9116081 |
| 245 | _aManual de laboratorio de bioquímica | ||
| 260 |
_a(Guatemala) : _bInstituto de Nutrición de Centro América y Panama, _c1964 |
||
| 300 | _a85 h. | ||
| 590 |
_aBATCH-UPD _b10 _c20130110 _lUCH01 _h2249 |
||
| 590 |
_aBATCH-UPD _b10 _c20130410 _lUCH01 _h1543 |
||
| 590 |
_aBATCH-UPD _b10 _c20130914 _lUCH01 _h0644 |
||
| 590 |
_aCONVERSION _b10 _c20130109 _lUCH01 _h1325 |
||
| 650 | 1 | 4 |
_aBioquímica _xManuales de laboratorio. _912860 |
| 901 | _aBK | ||
| 942 | _cLIBRO | ||
| 949 |
_a574.072 U5 _bBC _cLIBRO _d33724002202678 _eLIBRO _h60837 _i49877 _mD _si |
||
| 999 |
_c44766 _d44766 |
||